000 00337nam a2200133Ia 4500
008 240624s9999 xx 000 0 und d
041 _aeng
082 _a808.066 BAS
100 _aBASU B N
245 _aTECHNICAL WRITING
260 _c2008
_aNew Delhi
_bPrentice-Hall of India
300 _axvi, : 151 : p. : cm. ; 24
365 _cRS
_b36
999 _c10415
_d10415